Carregando...

Jinnukalude nadhan

Detalhes bibliográficos
Autor principal: Irving,Karchamar
Formato: Printed Book
Idioma:Malayalam
Publicado em: Calicut: Olive Publications, 2012.
LEADER 00474nam a22001217a 4500
008 111204s9999 xx 000 0 mal d
100 |a Irving,Karchamar 
245 |a Jinnukalude nadhan  |c /Irving,Karchamar 
260 |a Calicut:  |b Olive Publications,  |c 2012. 
300 |a 226p. 
942 |c BK 
999 |c 231975  |d 231975 
952 |0 0  |1 0  |2 ddc  |4 0  |6 823K4_JIN  |7 0  |9 256921  |a MAL  |b MAL  |c ST1  |d 2013-04-14  |e Raspberry Books,Bill No:101 date:18-03-2013  |g 150.00  |l 0  |o 823K4 JIN  |p MAL34476  |r 2013-04-14  |w 2013-04-14  |y BK